000 00838nam a2200193 i 4500
001 122864
003 ES-MaACL
005 20250928132908.0
007 t|
008 070214s1916 sp f |||| |bspa d
100 1 _aPulido, Ángel,
_d1852-1932
_9149324
245 1 3 _aDatos para la biografía del doctor D. Manuel Alonso Sañudo :
_bacadémico de número de la Real de Medicina... /
_cescrita en virtud de nombramiento de dicha corporación y leída en sus sesiones públicas del año 1916 por Ángel Pulido y Fernández.
260 _aMadrid :
_b[s.n.],
_c1916 (
_fTip. de los Hijos de Tello)
300 _a81 p., [1] h. lám. retr. ;
_c24 cm.
600 2 7 _aAlonso Sañudo, Manuel,
_d1856-1912
_2
_9125623
710 2 _aReal Academia de Medicina de Madrid
_96318
852 _aES-MaACL
_j1543-F-18
999 _c122864
_d122864